000 01281nam a2200313Ia 4500
001 ebr10658900
003 CaPaEBR
006 m u
007 cr cn|||||||||
008 110511s2010 nyu sb 001 0 eng d
020 _z9781617289606
020 _z9781617612220
040 _aCaPaEBR
_cCaPaEBR
035 _a(OCoLC)722372257
050 1 4 _aUB418.G38
_bD66 2010eb
245 0 0 _aDon't ask, don't tell
_h[electronic resource] :
_bbackground and issues on gays in the military /
_cBrandon A. Davis, editor.
260 _aNew York :
_bNova Science Publishers,
_cc2010.
300 _aix, 156 p.
490 1 _aDefense, security and strategy series
504 _aIncludes bibliographical references and index.
533 _aElectronic reproduction.
_bPalo Alto, Calif. :
_cebrary,
_d2013.
_nAvailable via World Wide Web.
_nAccess may be limited to ebrary affiliated libraries.
610 1 0 _aaUnited States.
_bArmy
_xGays.
650 0 _aGay military personnel
_zUnited States.
655 7 _aElectronic books.
_2local
700 1 _aDavis, Brandon A.
710 2 _aebrary, Inc.
830 0 _aDefense, security and strategy series.
856 4 0 _uhttp://site.ebrary.com/lib/rucke/Doc?id=10658900
_zAn electronic book accessible through the World Wide Web; click to view
999 _c167257
_d167257